00441nam a22001692 4500001001100000005001700011008004100028020001700069040001500086100003200101245003800133250001300171260004000184300001200224650003200236852000300268000001199120151217152105.0090123s xx 000 0 eng d a0875087245 : aKABUcKABU1 aMurray, Andrew.@000016813310aAbide in Christ /cAndrew Murray. a1st ed. aFort Washington, PA. :bCLC,c1997. a204 p. 0aChristian life.@00001491671